| 000 | 00330nam a22001337a 4500 | ||
|---|---|---|---|
| 008 | 170905b xxu||||| |||| 00| 0 eng d | ||
| 020 | _a9780873525657 | ||
| 041 | _aeng | ||
| 080 |
_24 ED _a070 |
||
| 100 | _a40 | ||
| 101 | _aMED | ||
| 245 |
_aMLA HANDBOOK FOR WRITERS OF RESEARCH PAPERS _cGIBALDI.J |
||
| 942 |
_2udc _cBK |
||
| 999 |
_c26146 _d26146 |
||